000 00762nam a2200229 i 4500
001 bg
100 1 _aMEGER, Zbigniew
245 1 0 _aMikrokomputery w nauczaniu fizyki /
_cZbigniew Meger, Rafał Szczypiński, Mirosława Żurawska ; pod red. M. Żurawskiej ; Wyższa Szkoła Pedagogiczna w Słupsku.
260 _aSłupsk :
_bWSP,
_c1994.
300 _a95 s. :
_brys., wykr. ;
_c21 cm.
504 _aBibliogr. s. 89-95.
650 9 _aFizyka
_xnauczanie
_xmetody
650 9 _aKomputery
_xstosowanie
_xnauczanie
700 1 _aSZCZYPIŃSKI, Rafał
700 1 _aŻURAWSKA, Mirosława
700 1 _aŻURAWSKA, Mirosława.
_eRed.
040 _cBPK
041 0 _apl
080 _a372.853:681.322.004
942 _cKS
008 s pl f |000 0 pol
999 _c24398
_d24398
856 _uhttp://koha.tu.koszalin.pl/cgi-bin/koha/opac-detail.pl?biblionumber=24398
_yKatalog online BPK